MARC

LEADER 00000nam0a2200000 4500
001 166626
005 20231031162534.0
010 |a 5853580345 
020 |a RU  |b 91-932 
035 |a (RuTPU)RU\TPU\book\180739 
090 |a 166626 
100 |a 20091005d1990 k y0rusy5003 ca 
101 0 |a rus 
102 |a RU 
105 |a a z 001zy 
200 1 |a Зональный и локальный прогноз нефтегазоносности пород осадочного чехла  |e сборник научных трудов  |f Академия наук СССР (АН СССР), Институт геологии и разработки горючих ископаемых; под ред. А. А. Аксенова; Д. С. Оруджевой 
210 |a Москва  |c ИГИРГИ  |d 1990 
215 |a 146 с.  |c ил. 
320 |a Библиогр. в конце статей 
610 1 |a нефтегазоносность 
610 1 |a горные породы 
610 1 |a осадочный чехол 
610 1 |a зональный прогноз 
610 1 |a локальный прогноз 
610 1 |a напряженно-деформированное состояние 
610 1 |a исследование 
610 1 |a бурение 
675 |a 553.98.044  |v 3 
702 1 |a Аксенов  |b А. А.  |4 340 
702 1 |a Оруджева  |b Д. С.  |4 340 
712 0 2 |a Академия наук СССР (АН СССР)  |b Институт геологии и разработки горючих ископаемых  |2 stltpush  |3 (RuTPU)RU\TPU\col\13483 
801 0 |a RU  |b RuMRKP  |c 19960705  |g psbo 
801 1 |a RU  |b 63413507  |c 20091005 
801 2 |a RU  |b 63413507  |c 20210301  |g RCR 
942 |c BK